Cantos navales argentinos /

Guardado en:
Autor Principal: Blomberg, Hector P.
Formato: Libro
Publicado: Buenos Aires : Departamento de Estudios Hist¢ricos Navales, 1968
Materias:
Etiquetas: Agregar Etiqueta
Sin Etiquetas, Sea el primero en etiquetar este registro!
LEADER 00507nam a22001695a 4500
001 CEM.cems001089
005 20060213000000.0
008 130507s1968##################000#0#####d
003 CEMS
082 0 4 |a A868.0359 
100 1 |a Blomberg, Hector P. 
245 1 0 |a Cantos navales argentinos / 
260 |a Buenos Aires :  |b Departamento de Estudios Hist¢ricos Navales,  |c 1968 
300 |a 102 p. 
653 |a Literatura 
653 |a Literatura argentina 
859 |a CEMS  |b BIB. CEMS - 11 de abril  |h A868.0359  |i B622  |p 9836.81  |t Ej.1